<?xml version="1.0" encoding="UTF-8"?><?xml-stylesheet type="text/xsl" href="static/style.xsl"?><OAI-PMH xmlns="http://www.openarchives.org/OAI/2.0/" xmlns:xsi="http://www.w3.org/2001/XMLSchema-instance" xsi:schemaLocation="http://www.openarchives.org/OAI/2.0/ http://www.openarchives.org/OAI/2.0/OAI-PMH.xsd"><responseDate>2026-04-17T14:21:39Z</responseDate><request verb="GetRecord" identifier="oai:www.recercat.cat:2117/131572" metadataPrefix="marc">https://recercat.cat/oai/request</request><GetRecord><record><header><identifier>oai:recercat.cat:2117/131572</identifier><datestamp>2025-07-17T05:42:18Z</datestamp><setSpec>com_2072_1033</setSpec><setSpec>col_2072_452950</setSpec></header><metadata><record xmlns="http://www.loc.gov/MARC21/slim" xmlns:dcterms="http://purl.org/dc/terms/" xmlns:xsi="http://www.w3.org/2001/XMLSchema-instance" xmlns:doc="http://www.lyncode.com/xoai" xsi:schemaLocation="http://www.loc.gov/MARC21/slim http://www.loc.gov/standards/marcxml/schema/MARC21slim.xsd">
   <leader>00925njm 22002777a 4500</leader>
   <datafield ind2=" " ind1=" " tag="042">
      <subfield code="a">dc</subfield>
   </datafield>
   <datafield ind2=" " ind1=" " tag="720">
      <subfield code="a">García Planas, María Isabel</subfield>
      <subfield code="e">author</subfield>
   </datafield>
   <datafield ind2=" " ind1=" " tag="720">
      <subfield code="a">Taberna Torres, Judit</subfield>
      <subfield code="e">author</subfield>
   </datafield>
   <datafield ind2=" " ind1=" " tag="260">
      <subfield code="c">2019</subfield>
   </datafield>
   <datafield ind2=" " ind1=" " tag="520">
      <subfield code="a">Las actuales titulaciones de grado en la Universidad española y en el marco del Espacio Europeo de Educación Superior (EEES) apuestan por el concepto de "aprender a aprender", e inciden en que los estudiantes deben adquirir además de las competencias específicas, ciertas competencias genéricas que son transferibles a multitud de funcionesy tareas, potenciando de esta manera, el concepto de "aprendizaje a lo largo de la vida”. En este trabajo, hemos introducido la competencia de sostenibilidad y compromiso social en la asignatura de álgebra lineal impartida en los estudios de ingeniería, mediante el diseño de actividades de formación y desarrollo de la competencia en el marco de la asignatura. Concretamente la metodología utilizada es Aprendizaje basado en proyectos (PBL) que con una buena elección, permite trabajar conocimientos, habilidades,destrezas, procedimientos, actitudes y valores. Además, se dispone de Instrumentos evaluables de forma progresiva como son el avance en el Informe del proyecto y el producto final, teniendo como propósitos de la evaluación indicar el nivel de conocimiento y evaluar habilidades para el análisis y la transmisión del conocimiento adquirido, tanto en el área específica de la asignatura como en la competencia genérica referente a la sostenibilidad y compromiso social</subfield>
   </datafield>
   <datafield ind2=" " ind1=" " tag="520">
      <subfield code="a">Postprint (published version)</subfield>
   </datafield>
   <datafield tag="653" ind2=" " ind1=" ">
      <subfield code="a">Àrees temàtiques de la UPC::Ensenyament i aprenentatge::Ensenyament universitari</subfield>
   </datafield>
   <datafield tag="653" ind2=" " ind1=" ">
      <subfield code="a">Enginyeria industrial -- Ensenyament universitari</subfield>
   </datafield>
   <datafield tag="653" ind2=" " ind1=" ">
      <subfield code="a">Aprenentatge basat en problemes</subfield>
   </datafield>
   <datafield ind2="0" ind1="0" tag="245">
      <subfield code="a">La utilización de PBL para la evaluación de la competencia de sostenibilidad y compromiso social en estudios de ingeniería</subfield>
   </datafield>
</record></metadata></record></GetRecord></OAI-PMH>